25 Most Famous Cities in Taiwan on a Map - Statistics

General Stats
  • This quiz has been taken 95 times
  • The average score is 14 of 27
Answers on the Map
Answers color-coded by a green-red scale on the quiz's map according to % correct below.
 
Answer Stats
Wiki Monthly Views Cityquiz Mention Rate Population Answers % Correct
58.53K 16.56% 4365.95K New Taipei
99%
174.98K 60.43% 2594.58K Taipei
99%
64.63K 14.52% 2734.28K Kaohsiung
85%
37.84K 12.76% 1875.08K Tainan
84%
42.51K 11.58% 3033.84K Taichung
74%
34.78K 4.84% 2441.06K Taoyuan
67%
19.22K 4.53% 88.21K Hualien
66%
21.83K 3.56% 367.26K Keelung
66%
15.65K - 252.03K Chiayi
60%
23.79K 3.49% 499.47K Hsinchu
59%
11.59K - 106.84K Taitung
58%
16.35K - 205.39K Pingtung
55%
17.33K - 220.17K Changhua
52%
14.55K - 89.45K Miaoli
51%
53.39K 1.62% 19.69K Jincheng/Kinmen
49%
14.64K 0.44% 54.95K Magong/Penghu
48%
13.44K 1.63% 101.76K Nantou
47%
17.56K 2.14% 96.10K Yilan
45%
13.78K 0.43% 115.08K Douliu/Yunlin
42%
12.35K - 5.27K Lanyu
26%
8.82K - 4.38K Lyudao
23%
18.16K 0.18% 3.10K Jiufen
22%
9.85K - 197.29K Tamsui
22%
11.10K - 223.02K Zhubei
18%
8.74K - 432.89K Zhongli
16%
7.28K - 90.07K Lukang
15%
11.90K - 36.37K Taibao
14%
No matching quizzes found
Score Distribution
Percent of People with Each Score
Percentile by Number Answered
Your Score History
You have not taken this quiz